00738cam a22002055a 450000500170000000800410001701000140005802000260007203500130009803700130011110000220012424501050014626000440025127000460029530000300034150000200037150000330039150400500042452000580047420090422234751.0090310s2009 ii bs 001 0 eng d aENG-95581 a9788183704822c900.00 aEN-79114 bDBAD/PUB aMurty, K. Krishna aLabour- management relations udnder globalisation:bLaw and policy perspectivescby K. Krishna Murty aNew Delhi :bAkansha Pub. House,c2009. a4649/21-B, Ansari RoadbNew Delhie110002 axix, 138 p. ;c22 cm.(Hb) aIncludes index. aIncludes statistical tables. aIncludes bibliographical references and Index aStudy conducted at Imphal District of Manipur, India.